01685nam a2200337Ia 4500001001200000003000800012006001900020007001500039008004100054010001700095020001500112020001500127040002100142035002100163050002600184082001900210100002500229245012100254260004300375300002600418504004100444505043000485533015200915600002101067651002601088651004201114655002901156710001701185856012601202999001901328ebr10135583CaPaEBRm u cr cn|||||||||030304s2003 nyuac sb 000 0deng d z 2003040543 z1403981523 z1403963312 aCaPaEBRcCaPaEBR a(OCoLC)56019059314aDS881.9b.I775 2003eb04a929.7/09522211 aItoh, Mayumi,d1954-14aThe Hatoyama dynastyh[electronic resource] :bJapanese political leadership through the generations /cMayumi Itoh. aNew York :bPalgrave Macmillan,c2003. axii, 286 p. :bports. aIncludes bibliographical references.0 aPortrait photographs of the Hatoyama Dynasty -- 1. Introduction -- 2. The First Generation: Kazuo and the Meiji Government -- 3. The Second Generation: Ichiro and Prewar Politics -- 4. The U.S. Occupation and Ichiro's Purge -- 5. Ichiro and Postwar Politics -- 6. The Third Generation: Iichiro, the MOF, and the MOFA -- 7. The Fourth Generation: Kunio and Yukio -- 8. The DPJ's Policy and Yukio's Leadership -- 9. Conclusion. aElectronic reproduction.bPalo Alto, Calif. :cebrary,d2009.nAvailable via World Wide Web.nAccess may be limited to ebrary affiliated libraries.30aHatoyama family. 0aJapanxHistoryy1868- 0aJapanxPolitics and governmenty1868- 7aElectronic books.2local2 aebrary, Inc.40uhttp://site.ebrary.com/lib/rucke/Doc?id=10135583zAn electronic book accessible through the World Wide Web; click to view c189730d189730